| 000 | 00693nam a2200217Ia 4500 | ||
|---|---|---|---|
| 003 | OSt | ||
| 005 | 20220925215344.0 | ||
| 006 | a|||||r|||| 00| 0 | ||
| 007 | ta | ||
| 008 | 220923b |||||||| |||| 00| 0 eng d | ||
| 037 | _cGeneral Book | ||
| 040 |
_aRTL _cRTL _beng |
||
| 041 |
_2eng _aeng |
||
| 082 | _aY:4:5.3, K6 | ||
| 110 |
_aGreat Britain, Information (Central Office of-), Reference Division _9282641 |
||
| 245 | 0 | _aSocial services in Britain | |
| 260 |
_aLondon _bHer Majesty's Stationery Office _c1960 |
||
| 700 |
_aGreat Britain, Information (Central Office of-), Reference Division _9282642 |
||
| 942 |
_hY:4:5.3, K6 _cGB _2CC |
||
| 999 |
_c568588 _d568588 |
||